Oceanography : hearings before the United States House Committee on Merchant Marine and Fisheries, Special Subcommittee on Oceanography, Eighty-Sixth Congress, second session, on May 17, 19, 20, 24, 25, 1960.

Considers. H.R. 9361, the Marine Sciences and Research Act of 1959, to authorize implementation of policies expressed in S. Res. 136 and coordination with Navy Dept "Ten Years in Oceanography" (TENOC) program to establish a Government wide ten year program of ocean and marine research and...

Full description

Bibliographic Details
Corporate Authors: United States. Congress. House. Committee on Merchant Marine and Fisheries. Special Subcommittee on the Loading and Unloading of Explosives, ProQuest (Firm)
Format: Government Document eBook
Language:English
Published: Washington : U.S. G.P.O., 1960.
Series:U.S. Congressional Hearings.
Subjects:
Online Access:Connect to the full text of this electronic book

MARC

Tag First Indicator Second Indicator Subfields
LEADER 00000cam a22000001a 4500
001 in00003204413
006 m d f
007 cr bn mmmapmmp
008 090623s1960 dcu o f000 0 eng d
005 20260511193623.7
035 |a cis2007426540 
040 |a UMI  |c UMI  |d UtOrBLW 
043 |a n-us--- 
086 0 |a Y 4.M 53:Oc 2/6/960-2 
099 |a HRG-1960-MMF-0009 
110 1 |a United States.  |b Congress.  |b House.  |b Committee on Merchant Marine and Fisheries.  |b Special Subcommittee on the Loading and Unloading of Explosives. 
245 1 0 |a Oceanography :  |b hearings before the United States House Committee on Merchant Marine and Fisheries, Special Subcommittee on Oceanography, Eighty-Sixth Congress, second session, on May 17, 19, 20, 24, 25, 1960. 
264 1 |a Washington :  |b U.S. G.P.O.,  |c 1960. 
300 |a 1 online resource. 
336 |a text  |b txt  |2 rdacontent 
337 |a computer  |b c  |2 rdamedia 
338 |a online resource  |b cr  |2 rdacarrier 
500 |a Record is based on bibliographic data in ProQuest Congressional Hearings Digital Collection. Reuse except for individual research requires license from ProQuest, LLC. 
520 |a Considers. H.R. 9361, the Marine Sciences and Research Act of 1959, to authorize implementation of policies expressed in S. Res. 136 and coordination with Navy Dept "Ten Years in Oceanography" (TENOC) program to establish a Government wide ten year program of ocean and marine research and development. H.R. 10412, to establish a Coordinating Committee on Oceanographic Surveys consisting of representatives of Federal agencies conducting oceanographic surveys. H.R. 12018, to establish a National Oceanographic Data Center under the U.S. Coast and Geodetic Survey in the Commerce Dept. 
520 |a Considers (86) H.R. 12081, (86) H.R. 10546, (86) S. Res. 136, (86) S. 2692, (86) H.R. 9361, (86) H.R. 10412, (86) H.R. 12018. 
538 |a System requirements: PDF reader software. 
500 |a Electronic resource. 
650 0 |a Oceanography  |x Research  |x Law and legislation  |z United States. 
650 0 |a Federal aid to research  |z United States. 
655 7 |a Electronic books.  |2 local 
710 2 |a ProQuest (Firm) 
776 0 8 |i Print version:  |a United States. Congress. House. Committee on Merchant Marine and Fisheries. Special Subcommittee on the Loading and Unloading of Explosives.  |t Oceanography 
776 0 8 |i Microfiche version:  |a United States. Congress. House. Committee on Merchant Marine and Fisheries. Special Subcommittee on the Loading and Unloading of Explosives.  |t Oceanography.  |d [Bethesda, Md.] : ProQuest,[2004]  |o CIS Hrgs MF Gp 3--(86) H1814-4  |w (ProQuest)cis10700583 
830 0 |a U.S. Congressional Hearings. 
856 4 0 |u http://proxy.library.tamu.edu/login?url=https://congressional.proquest.com/congcomp/getdoc?HEARING-ID=HRG-1960-MMF-0009  |z Connect to the full text of this electronic book  |t 0 
998 |a cis10700583 
999 |a MARS 
999 f f |s de33f80e-a577-37ad-a03e-e41ad97af166  |i 7a7378aa-bfab-3b01-bcaf-44764e0868ff  |t 0 
952 f f |a Texas A&M University  |b College Station  |c Electronic Resources  |s www_evans  |d Available Online  |t 0  |e HRG-1960-MMF-0009  |h Other scheme 
998 f f |a HRG-1960-MMF-0009  |t 0  |l Available Online